000
00313 a2200157 4500
001
170590
020
_a
040
_c
Magnum
100
_a
-
240
1
0
_a
Manual do professor: arte
_l
por
245
1
0
_a
Manual do professor: arte
362
0
_a
1899
440
1
_a
Do Brasil
697
_a
ENSINO
942
_c
BK
999
_c
170590
_d
170590